Prawo - Statystyki

Ogólne statystyki
  • Ten quiz został rozwiązany 24 razy
  • Średni wynik to 3 z 10
Statystyki odpowiedzi
Pytanie/Definicja Odpowiedź % Poprawnych
Element normy definiujący adresata i okoliczności jej zastosowania Hipoteza
100%
Podmiot, który jest wyłącznym właścicielem znaków pieniężnych w Polsce NBP
100%
Element normy definiujący konsekwencje za jej niezrealizowanie. Sankcja
80%
Zasada (Art. 7 Konstytucji), według której organy państwa działają tylko na podstawie prawa Legalizm
67%
Proces wyprowadzania norm z przepisów (zrozumienie sensu przepisu) Wykładnia prawa
67%
Liczba osób, z której zgodnie z ius cogens musi składać się rada nadzorcza w S.A. Co najmniej 3
57%
Najważniejsza sankcja w sferze prawa prywatnego (nieważność czynności prawnej) Art. 58 kc
33%
Artykuł Konstytucji zawierający zamknięty katalog źródeł prawa Art. 87 Konstytucji
33%
Zasada mówiąca, że prawo szczegółowe ma pierwszeństwo przed ogólnym Lex specialis derogat legi generali
33%
Nazwa podmiotu prowadzącego działalność bankową bez statusu banku Parabank
33%
Klauzula generalna: zasada swobody umów Art. 353 kc
25%
Zasada legalizmu – organy państwa działają tylko na podstawie i w granicach prawa Art. 7 Konstytucji
25%
Standard powinnego zachowania wyprowadzony z przepisów w drodze wykładni. Norma prawna
25%
Przepis o pełnomocniku jako przykład ius dispositivum Art. 108 kc
20%
Cecha Soft-law odróżniająca go od prawa pozytywnego (brak tego procesu). Proces legislacyjny
20%
Tytuł, pod którym bankowi powierzane są środki pieniężne Tytuł zwrotny
20%
Prawo bezwzględnie obowiązujące, niepozostawiające marginesu na rozważania Ius cogens
17%
Maksymalna grzywna za bezprawne prowadzenie działalności bankowej (Art. 171 PB) 20 000 000 PLN
0%
Odpowiedzialność urzędnika za nadużycie uprawnień (3 do 5 lat więzienia) Art. 231 kk
0%
Artykuł chroniący nazwy „bank” oraz „kasa” Art. 3 Prawa bankowego
0%
Obowiązek przestrzegania prawa Rzeczypospolitej Polskiej przez każdego Art. 83 Konstytucji
0%
Element normy określający treść oczekiwanego zachowania Dyspozycja
0%
Prawo względnie obowiązujące, dopuszczające wybór adresata Ius dispositivum
0%
Sfera, w której obowiązuje zasada: "dozwolone jest to, co nie jest zabronione" Ius privatum (Prawo prywatne)
0%
Sfera władztwa państwowego, gdzie urzędnicy mają kompetencje, a nie uprawnienia Ius publicum
0%
Tak zwany "przepis kauczukowy", służący uelastycznieniu wykładni Klauzula generalna
0%
Pieniądz mający charakter informatyczny, będący zapisem na rachunku Pieniądz bezgotówkowy
0%
Zespół norm niepochodzących z procesu legislacyjnego, np. rekomendacje KNF Soft-law
0%
Główny cel stosowania klauzul generalnych (tzw. przepisów kauczukowych). Uelastycznienie wykładni
0%
Materialny nośnik jednostki pieniężnej, będący rzeczą w myśl Art. 45 kc. Znak pieniężny
0%
Nie znaleziono quizów pasujących do podanych kryteriów
Rozkład punktacji
Procent ludzi z każdym wynikiem
Percentyl według liczby udzielonych odpowiedzi
Twoja historia wyników
Nie rozwiązałeś tego quizu